000 00220nam a22001097a 4500
040 _cSK
082 _a613
100 _aHUNT DONNELL
245 _aFarm power and machinery management
260 _aNA
_bHUN
_cNA
942 _cEK
999 _c8744
_d8744